| 000 | 00698cam a2200253 4500 | ||
|---|---|---|---|
| 001 | M66 | ||
| 008 | 090401t1990 xxu||||| |||| 00| 0 eng d | ||
| 035 | _a(Sirsi) u39622 | ||
| 041 | _aeng | ||
| 050 | _a331.481333 | ||
| 090 | _aRICS 1990/99ABCD | ||
| 110 |
_aRoyal Institution of Chartered Surveyors _94900 |
||
| 245 | _aModel policy statement on equal opportunities for members` firms | ||
| 260 |
_aLondon _bRICS _c1990 |
||
| 300 | _a(2p) ; 30cm | ||
| 350 | _a0 | ||
| 650 | _aABOUT RICS-RICS MEMBERS | ||
| 650 | _aEMPLOYMENT | ||
| 650 | _aSEX DISCRIMINATION | ||
| 650 | _aWOMEN | ||
| 690 | _aMANAGEMENT-BUSINESS MANAGEMENT-PROFESSIONAL PRACTICE | ||
| 942 | _n0 | ||
| 948 | _c04/03/1997 | ||
| 999 |
_c90816 _d90816 |
||